BIBLIOTECA

SENCICO

Análisis socioespacial con sistemas de información geográfica / (Registro nro. 539)

Detalles MARC
000 -LEADER
fixed length control field 01989nam a2200277Ia 4500
003 - CONTROL NUMBER IDENTIFIER
control field PE SENCICO BE
005 - DATE AND TIME OF LATEST TRANSACTION
control field 20260218172445.0
008 - FIXED-LENGTH DATA ELEMENTS--GENERAL INFORMATION
fixed length control field 200515s9999 xx 000 0 und d
020 ## - INTERNATIONAL STANDARD BOOK NUMBER
International Standard Book Number 978-950-892-385-1
040 ## - CATALOGING SOURCE
Original cataloging agency PE SENCICO BE
Transcribing agency PE SENCICO BE
041 ## - LANGUAGE CODE
Language code of text/sound track or separate title spa
082 ## - DEWEY DECIMAL CLASSIFICATION NUMBER
Classification number 910.285
Item number B98A
100 1# - MAIN ENTRY--PERSONAL NAME
Personal name Buzai, Gustavo D.
9 (RLIN) 69
Relator term autor
245 10 - TITLE STATEMENT
Title Análisis socioespacial con sistemas de información geográfica /
Statement of responsibility, etc. Gustavo D. Buzai, Claudia A. Baxendale
250 ## - EDITION STATEMENT
Edition statement 1a ed.
260 ## - PUBLICATION, DISTRIBUTION, ETC.
Place of publication, distribution, etc. Buenos Aires :
Name of publisher, distributor, etc. Lugar editorial,
Date of publication, distribution, etc. 2011
300 ## - PHYSICAL DESCRIPTION
Extent tomos :
Other physical details ilustraciones, tablas ;
Dimensions 22 cm.
504 ## - BIBLIOGRAPHY, ETC. NOTE
Bibliography, etc. note Bibliografía al final de cada capítulo
505 0# - FORMATTED CONTENTS NOTE
Formatted contents note Tomo 1: Perspectiva científica temáticas de base raster: Marco teórico-metodológico – Marco metodológico-técnico – Bases de datos y software aplicado al análisis socioespacial con sig raster – Análisis por generalización y discriminación de clases temáticas-reclasificación – Análisis por superposición temática y aplicación del modelado cartográfico Análisis de evaluación multicriterio en la búsqueda de sitios de aptitud locacional – Análisis de evaluación multicriterios en la determinación de zonas de potencial conflicto locacional – Análisis de localización-asignación – Análisis por cálculo de índices y métricas paisajísticas – Análisis fractal y de autómatas celulares – Síntesis relacional. Hacia una geografía aplicada basada en el uso de sistemas de información geográfica
520 3# - SUMMARY, ETC.
Summary, etc. El plan de la obra contempla un marco teórico sustentado en la teoría de la geografía, un marco metodológico donde se presentan definiciones procedimentales y un marco aplicativo basado en la planificación territorial
650 20 - SUBJECT ADDED ENTRY--TOPICAL TERM
Topical term or geographic name entry element Sistemas de Información Geográfica (SIG)
9 (RLIN) 247
650 20 - SUBJECT ADDED ENTRY--TOPICAL TERM
Topical term or geographic name entry element Infraestructura de datos espaciales
9 (RLIN) 256
650 20 - SUBJECT ADDED ENTRY--TOPICAL TERM
Topical term or geographic name entry element Análisis geotécnico
9 (RLIN) 254
700 1# - ADDED ENTRY--PERSONAL NAME
Personal name Baxendale, Claudia A.
9 (RLIN) 70
Relator term autor
942 ## - ADDED ENTRY ELEMENTS (KOHA)
Koha item type Libros
Source of classification or shelving scheme Dewey Decimal Classification
Existencias
Fecha de la última vez que lo usaron Número de ingreso o de inventario Pago total Signatura topográfica completa Código de barras Precio efectivo desde Tipo de documento Estado perdido Sistema de clasificación Estado dañado No es para préstamo Retirado Ubicación permanente Ubicación actual Fecha de adquisición
15/05/2020 15340   910.285/B98A BibLima25112556 15/05/2020 Libros   Dewey Decimal Classification       Biblioteca Central Lima Biblioteca Central Lima 15/05/2020